[Event "Cto de Aragon  Equipos Cat Preferente"]
[Site "Aragon"]
[Date "2010.01.30"]
[Round "2.60"]
[White "Gil Pineiro David"]
[Black "Lahoz Barragan Andres"]
[Result "0-1"]
[WhiteElo "1937"]
[BlackElo "1664"]

1.e4 c5 2.d4 d6 3.dxc5 Qa5+ 4.Nc3 Qxc5 5.Be3 Qc7 6.Qd2 Nf6 7.f3 a6 8.Nge2 e5
9.g4 Be6 10.Ng3 Be7 11.Nf5 Bxf5 12.gxf5 Nbd7 13.Rg1 Rg8 14.O-O-O b5 15.Kb1 Nb6
16.Rg2 Rd8 17.Bg5 Qc6 18.Bxf6 Bxf6 19.Nd5 Nxd5 20.Qxd5 Qxd5 21.Rxd5 Ke7 22.a4
bxa4 23.Bxa6 Ra8 24.Bb5 Rgb8 25.c4 Rb6 26.Ka2 h6 27.Ka3 Bg5 28.Rd3 Kf6 29.Bxa4
g6 30.fxg6 fxg6 31.b3 Kf7 32.Rf2 Be7 33.Rd5 Ke6 34.Rg2 g5 35.Rdd2 d5+ 36.Ka2
dxc4 37.h4 cxb3+ 38.Kb2 Rxa4 0-1

[Event "Cto de Aragon  Equipos Cat Preferente"]
[Site "Aragon"]
[Date "2010.01.30"]
[Round "2.61"]
[White "Gil Capape MA"]
[Black "Lucea Valero Alejandro"]
[Result "1-0"]
[WhiteElo "2155"]
[BlackElo "1982"]

1.c4 Nf6 2.Nc3 g6 3.e4 d6 4.d4 Bg7 5.f3 Nc6 6.Be3 e5 7.d5 Ne7 8.Qd2 Nh5 9.
O-O-O f5 10.Bd3 f4 11.Bf2 O-O 12.g4 Nf6 13.c5 Nd7 14.b4 a5 15.cxd6 cxd6 16.Nb5
axb4 17.Qxb4 Rxa2 18.Rd2 Rxd2 19.Kxd2 Nc5 20.Nxd6 Nxd3 21.Kxd3 Qd7 22.Ne2 b6
23.Nc3 Ba6+ 24.Kd2 Rd8 25.Ra1 Bf1 26.Rxf1 Qxd6 27.Qxb6 Qd7 28.Ra1 Bf8 29.Ra7
Qc8 30.Rc7 Qa8 31.Qe6+ Kh8 32.Ba7 Rc8 33.Qxe5+ Kg8 34.Qe6+ Kg7 35.Bd4+ 1-0

[Event "Cto de Aragon  Equipos Cat Preferente"]
[Site "Aragon"]
[Date "2010.01.30"]
[Round "2.62"]
[White "Garcia Lopez Alberto Jose"]
[Black "Vera Aranjuelo Jesus Maria"]
[Result "0-1"]
[WhiteElo "1971"]
[BlackElo "2111"]

1.Nf3 d5 2.g3 Nf6 3.Bg2 Bf5 4.O-O e6 5.d3 h6 6.b3 Be7 7.Bb2 O-O 8.Nbd2 Bh7 9.
Re1 c6 10.e4 a5 11.Qe2 a4 12.c4 Na6 13.cxd5 cxd5 14.exd5 Nxd5 15.Nd4 Nab4 16.
Nxe6 fxe6 17.Qxe6+ Kh8 18.Bxd5 Nxd5 19.Qxh6 Bf6 20.Bxf6 Nxf6 21.Qh4 Qxd3 22.
Rad1 Qc2 23.Nf3 axb3 24.axb3 Ne4 0-1

[Event "Cto de Aragon  Equipos Cat Preferente"]
[Site "Aragon"]
[Date "2010.01.30"]
[Round "2.63"]
[White "Alonso Fernandez Revuelta Rodri"]
[Black "Minguez Guinda Andres"]
[Result "1-0"]
[WhiteElo "2088"]
[BlackElo "1896"]

1.e4 c5 2.Nf3 d6 3.d4 cxd4 4.Nxd4 Nf6 5.Nc3 a6 6.Bc4 e6 7.Bb3 Be7 8.O-O b5 9.
a3 O-O 10.f4 e5 11.Nf3 Qc7 12.Nd5 Nxd5 13.Bxd5 Bb7 14.fxe5 dxe5 15.Nxe5 Qxe5
16.Bxb7 Ra7 17.Bd5 Nd7 18.c3 Nf6 19.Bf4 Bc5+ 20.Kh1 Qe8 21.Qf3 Nxd5 22.exd5
Qd7 23.b3 Re8 24.c4 bxc4 25.bxc4 Qa4 26.Qd3 Qd7 27.Rab1 Rb7 28.h3 Rxb1 29.Rxb1
g5 30.Bxg5 Bd6 31.Rf1 f5 32.Bf4 Bxf4 33.Rxf4 Re1+ 34.Kh2 Qa7 35.Qg3+ 1-0

[Event "Cto de Aragon  Equipos Cat Preferente"]
[Site "Aragon"]
[Date "2010.01.30"]
[Round "2.64"]
[White "Buil Montanes Carlos"]
[Black "Galvez Perez Jose Luis"]
[Result "1-0"]
[WhiteElo "1895"]
[BlackElo "2005"]

1.d4 d6 2.Nf3 g6 3.c4 Bg7 4.Nc3 Nf6 5.e4 O-O 6.Be2 Na6 7.O-O e5 8.Be3 Ng4 9.
Bg5 Qe8 10.c5 exd4 11.Nd5 Nxc5 12.Nxc7 Qxe4 13.Nxa8 d3 14.Re1 dxe2 15.Rxe2 Qc6
16.Be7 Re8 17.Nc7 Nxf2 18.Qd5 Qxd5 19.Nxd5 Nfe4 20.Bxd6 Nxd6 21.Rxe8+ Nxe8 22.
Ne7+ Kf8 23.Nxc8 Bxb2 24.Rb1 Bc3 25.Nxa7 Nf6 26.Nb5 Nfe4 27.Nxc3 Nxc3 28.Rb2
b5 29.Nd4 b4 30.Rxb4 Nxa2 31.Rc4 Nd3 32.Nc6 Ndc1 33.Kf1 Kg7 34.Nb4 Nxb4 35.
Rxb4 Nd3 36.Rb7 h5 37.Ke2 Ne5 38.h3 h4 39.Ke3 g5 40.Ke4 Ng6 41.Kf5 Nf4 42.Kxg5
Nxg2 43.Rb2 f6+ 44.Kh5 Ne3 45.Rb7+ Kf8 46.Kxh4 Nf5+ 47.Kg4 Ne7 48.h4 f5+ 49.
Kf4 Kf7 50.h5 Kf6 51.Rb6+ Kg7 52.Ra6 Kg8 53.Ke5 Kf7 54.Ra7 Kf8 55.Kf6 1-0

[Event "Cto de Aragon  Equipos Cat Preferente"]
[Site "Aragon"]
[Date "2010.02.06"]
[Round "3.1"]
[White "Baron Rodriguez Jesus"]
[Black "Garza Marco Sergio"]
[Result "1-0"]
[WhiteElo "2436"]
[BlackElo "2418"]

1.e4 c5 2.Nf3 e6 3.d4 cxd4 4.Nxd4 Nc6 5.Nc3 Qc7 6.Be2 a6 7.O-O Nf6 8.Be3 d6 9.
f4 Be7 10.Qe1 O-O 11.Qg3 Nxd4 12.Bxd4 b5 13.a3 Bb7 14.Kh1 Rad8 15.Bd3 Rd7 16.
Rae1 Re8 17.Re2 Qd8 18.Rfe1 g6 19.e5 Nh5 20.Qg4 dxe5 21.Bxe5 Bh4 22.Rf1 f5 23.
Qh3 Be7 24.Nb1 Nf6 25.Nd2 Ng4 26.Nf3 Bc5 27.b4 Be3 28.Qg3 Bxf3 29.Qxf3 Nxe5
30.fxe5 Bd4 31.a4 Rd5 32.c4 bxc4 33.Bxc4 Rxe5 34.Rd2 Qb6 35.Rfd1 Re4 36.a5 Qd6
37.Bxa6 Qxb4 38.Bf1 e5 39.a6 Re7 40.Qd3 Re3 41.Qc2 Kg7 42.Rb1 Qa3 43.Qc4 Rc3
44.Qd5 Rc1 45.Rd1 Qe3 46.Bc4 Rxd1+ 47.Rxd1 Kh6 48.Qd6 Bc5 49.Qf6 Rd7 50.Qh4+
1-0

[Event "Cto de Aragon  Equipos Cat Preferente"]
[Site "Aragon"]
[Date "2010.02.06"]
[Round "3.2"]
[White "Fontana Sotomayour Luis Javier"]
[Black "Forcen Esteban Daniel"]
[Result "1-0"]
[WhiteElo "2353"]
[BlackElo "2267"]

1.e4 c5 2.Nc3 Nc6 3.g3 g6 4.Bg2 Bg7 5.d3 d6 6.f4 e6 7.Nf3 Nge7 8.O-O O-O 9.Be3
Nd4 10.e5 Bd7 11.Ne4 Nef5 12.Bf2 Nxf3+ 13.Bxf3 dxe5 14.fxe5 Bxe5 15.Nxc5 Bc6
16.Bxc6 bxc6 17.c3 h5 18.Qf3 Qc7 19.Rae1 a5 20.d4 Bg7 21.Nd3 a4 22.Re2 Rfd8
23.h3 Nd6 24.g4 hxg4 25.hxg4 a3 26.b4 Rac8 27.Bh4 Rf8 28.Ne5 g5 29.Bg3 Qb7 30.
Nd3 Nb5 31.Nc5 Qa7 32.Rh2 Qe7 33.Qe4 f6 34.Nxe6 f5 35.Rxf5 Nxc3 36.Rxf8+ Rxf8
37.Qh7+ Kf7 38.Qxg7+ Kxe6 39.Qe5+ Kd7 40.Rh7 Rf7 41.Qc7+ Ke8 42.Qc8+ 1-0

[Event "Cto de Aragon  Equipos Cat Preferente"]
[Site "Aragon"]
[Date "2010.02.06"]
[Round "3.3"]
[White "Antolin Concha Diego"]
[Black "Ramiro Ovejero Juan Luis"]
[Result "1/2-1/2"]
[WhiteElo "2191"]
[BlackElo "2346"]

1.d4 Nf6 2.c4 e5 3.dxe5 Ne4 4.Nf3 b6 5.a3 Bb7 6.Nbd2 Nc5 7.b3 g5 8.Bb2 Bg7 9.
h3 Nc6 10.Qc2 Qe7 11.Qf5 h6 12.Rd1 O-O-O 13.b4 Ne6 14.Ne4 Nxb4 15.axb4 Qxb4+
16.Rd2 d5 17.Nc3 dxc4 18.Qxf7 Rxd2 19.Nxd2 Qxb2 20.Qxe6+ Kb8 21.Qxc4 Rd8 22.
Ncb1 Rxd2 23.Nxd2 Qa1+ 24.Nb1 Qxb1+ 25.Kd2 Bxe5 26.e3 a5 27.Qc2 Qb4+ 28.Ke2
Be4 29.Qa2 Bb1 30.Qd2 Bc3 31.Qd8+ Kb7 32.Qd5+ Ka7 33.Kf3 Qf8+ 34.Kg3 Be1 35.
Kh2 Qxf2 36.Qe5 Qc2 37.Bd3 Qxd3 38.Qxc7+ Ka6 39.Rxe1 Bc2 40.Qc8+ Kb5 41.e4 a4
42.e5 Qd2 43.Qe8+ Ka5 44.Qa8+ Kb5 45.Rf1 Be4 46.Rb1+ Kc5 47.Qc8+ Bc6 48.Rg1
Qf4+ 49.Kh1 Qe3 50.Qf8+ Kc4 51.Qf5 Bd5 52.Qg4+ Kc5 53.Qc8+ Bc6 54.Qf5 Bd5 55.
Qc8+ Bc6 56.Qf8+ Kc4 57.Qf7+ Bd5 58.Qc7+ Kb5 59.Rb1+ Ka6 60.Qc8+ Ka5 61.Qg4
Qe4 62.Qxe4 Bxe4 63.Rd1 a3 64.e6 b5 65.e7 Bg6 66.Rd8 b4 67.Rg8 Bh5 68.g4 Bf7
69.Rf8 Bd5+ 70.Kh2 Bc6 71.Rc8 Bd7 72.Rd8 Bc6 73.Rc8 Bd7 74.Rd8 1/2-1/2

[Event "Cto de Aragon  Equipos Cat Preferente"]
[Site "Aragon"]
[Date "2010.02.06"]
[Round "3.4"]
[White "Antoli Royo Joaquin Miguel"]
[Black "Glaria Murillo Christian"]
[Result "1-0"]
[WhiteElo "2334"]
[BlackElo "2181"]

1.e4 e6 2.d4 d5 3.e5 b6 4.Nf3 Ne7 5.b3 Qd7 6.a4 a5 7.Na3 c6 8.Bd3 Na6 9.c3 Bb7
10.O-O Nf5 11.Re1 g6 12.Nc2 Be7 13.Rb1 Nc7 14.Ne3 Nxe3 15.Bxe3 Ba6 16.Bc2 c5
17.Bh6 cxd4 18.cxd4 Bf8 19.Qc1 Bb4 20.Re3 O-O-O 21.Ng5 Qe8 22.Rf3 Rd7 23.Qf4
Be2 24.Rh3 Bf8 25.Bxf8 Qxf8 26.Rxh7 Rxh7 27.Nxh7 Qb4 28.Ng5 Qe7 29.Qd2 Ba6 30.
b4 axb4 31.Rxb4 Kb7 32.Rb1 Bc4 33.h4 Qa3 34.Nf3 Ka7 35.Nh2 Qe7 36.g3 Qa3 37.
Ng4 Qe7 38.Ne3 Ba6 39.Bd3 Qa3 40.Bc2 Qe7 41.Nd1 Qa3 42.Nc3 Qe7 43.Bd3 Bxd3 44.
Qxd3 Rd8 45.a5 Rb8 46.Nb5+ Nxb5 47.Qxb5 1-0

[Event "Cto de Aragon  Equipos Cat Preferente"]
[Site "Aragon"]
[Date "2010.02.06"]
[Round "3.5"]
[White "Adla Diego Gustavo"]
[Black "Martinez Catalin Francisco Javier"]
[Result "1-0"]
[WhiteElo "2506"]
[BlackElo "2272"]

1.d4 Nf6 2.Nf3 g6 3.c4 Bg7 4.Nc3 O-O 5.Bg5 d6 6.e3 c5 7.d5 h6 8.Bh4 g5 9.Bg3
Nh5 10.Bd3 Nxg3 11.hxg3 e6 12.Qc2 Re8 13.Rd1 exd5 14.cxd5 Nd7 15.Bh7+ Kf8 16.
Bf5 Nf6 17.Nd2 Bxf5 18.Qxf5 b5 19.Nxb5 Qb8 20.Qd3 Nxd5 21.Qxd5 Qxb5 22.Nc4
Rad8 23.O-O Qd7 24.Rd3 Qe6 25.Rfd1 Qxd5 26.Rxd5 Re6 27.Rxc5 Rb8 28.Rcd5 1-0

[Event "Cto de Aragon  Equipos Cat Preferente"]
[Site "Aragon"]
[Date "2010.02.06"]
[Round "3.6"]
[White "Valles Mata David"]
[Black "Glavina Rossi Pablo"]
[Result "1/2-1/2"]
[WhiteElo "2150"]
[BlackElo "2478"]

1.e4 e5 2.Nf3 Nc6 3.Bb5 a6 4.Bxc6 dxc6 5.O-O Bd6 6.d4 exd4 7.Qxd4 f6 8.Be3 Ne7
9.Nbd2 Be6 10.Rfd1 O-O 11.Nc4 Bxh2+ 12.Kxh2 Qxd4 13.Rxd4 c5 14.Rd2 Bxc4 15.
Bxc5 Rf7 16.b3 Be6 17.Nd4 Bd7 18.Rad1 Re8 19.c4 Bc8 20.f3 h5 21.Nc2 Nc6 22.Nb4
Nxb4 23.Bxb4 Kh7 1/2-1/2

[Event "Cto de Aragon  Equipos Cat Preferente"]
[Site "Aragon"]
[Date "2010.02.06"]
[Round "3.7"]
[White "Lopez Gracia Fernando"]
[Black "Solano Lasierra Javier"]
[Result "1-0"]
[WhiteElo "2303"]
[BlackElo "2142"]

1.c4 c5 2.g3 Nf6 3.Bg2 d5 4.cxd5 Nxd5 5.Nc3 Nc7 6.Nf3 Nc6 7.O-O e5 8.Ne1 Be7
9.Nd3 f6 10.Bxc6+ bxc6 11.Qa4 O-O 12.Qxc6 Bd7 13.Qe4 Qe8 14.b3 Bd6 15.Ba3 Qe7
16.Qe3 Bh3 17.Rfc1 Ne6 18.Ne4 Rfc8 19.f3 Nd4 20.Nxd6 Qxd6 21.Bxc5 Qd5 22.Bxd4
exd4 23.Qe4 1-0

[Event "Cto de Aragon  Equipos Cat Preferente"]
[Site "Aragon"]
[Date "2010.02.06"]
[Round "3.8"]
[White "Felez Casedas Carlos"]
[Black "Moreno Gracia Daniel"]
[Result "0-1"]
[WhiteElo "1997"]
[BlackElo "2246"]

1.e4 c5 2.Nc3 d6 3.g3 Nc6 4.Bg2 g6 5.d3 Bg7 6.f4 Nf6 7.Nf3 O-O 8.O-O Rb8 9.Rb1
b5 10.a3 a5 11.Kh1 Bd7 12.Be3 Qc8 13.Nd5 Bh3 14.Nxf6+ Bxf6 15.Bxh3 Qxh3 16.Ng1
Qd7 17.Qf3 a4 18.g4 b4 19.Ne2 Qb7 20.g5 Bh8 21.axb4 Nxb4 22.Nc3 Nxc2 23.Bd2 e6
24.Nxa4 Qa6 25.Nc3 Nb4 26.f5 Qxd3 27.Qg2 Nc6 28.f6 Nd4 29.Bf4 Rfd8 30.Qg3 Qxg3
31.Bxg3 Rb4 32.Ra1 Rxb2 33.Bxd6 h6 34.Bxc5 Nb3 35.Rfd1 Rc8 36.Na4 Nxa1 37.Nxb2
Rxc5 38.Rxa1 Rxg5 39.Ra8+ Kh7 40.Rf8 Bxf6 41.Rxf7+ Bg7 42.Nd3 Kg8 43.Re7 Bd4
44.h3 Rg1+ 45.Kh2 Rd1 46.Rxe6 Rd2+ 47.Kh1 Kf7 48.Nf4 g5 49.Rxh6 gxf4 50.Rh5
Be3 0-1

[Event "Cto de Aragon  Equipos Cat Preferente"]
[Site "Aragon"]
[Date "2010.02.06"]
[Round "3.9"]
[White "Malo Guillen Jose Luis"]
[Black "Llorente Zaro Alfonso"]
[Result "0-1"]
[WhiteElo "2162"]
[BlackElo "2401"]

1.d4 Nf6 2.c4 d6 3.Nc3 e5 4.d5 Be7 5.e4 Nbd7 6.Be3 Nf8 7.f3 Ng6 8.g3 c6 9.Bh3
Bxh3 10.Nxh3 h5 11.Qd2 h4 12.g4 Qa5 13.O-O-O O-O 14.Kb1 c5 15.g5 Nd7 16.Nf2 a6
17.Ng4 b5 18.f4 exf4 19.Bxf4 Nb6 20.Qf2 Nxc4 21.Bc1 Qd8 22.Qf5 Qc8 23.Qf3 Nce5
24.Nxe5 Nxe5 25.Qf2 Qh3 26.Rhg1 b4 27.Ne2 Qf3 28.Qxf3 Nxf3 29.Rg4 f5 30.Rf4
fxe4 31.Rxe4 Bxg5 32.Bxg5 Nxg5 33.Rxh4 Rf2 34.Ng3 Re8 35.Rg4 Nf3 36.Rg6 Nd2+
37.Kc1 Nc4 38.Rg1 Ref8 39.h4 Ne5 40.Rxd6 Nd3+ 41.Kb1 Rxb2+ 42.Ka1 Rff2 43.Rxa6
Rg2 44.Rd1 Rbd2 0-1

[Event "Cto de Aragon  Equipos Cat Preferente"]
[Site "Aragon"]
[Date "2010.02.06"]
[Round "3.10"]
[White "Ramon Perez Jose Luis"]
[Black "Alonso Blasco Jose Miguel"]
[Result "0-1"]
[WhiteElo "2114"]
[BlackElo "2312"]

1.d4 Nf6 2.c4 e6 3.Nc3 Bb4 4.e3 O-O 5.Bd3 d5 6.Ne2 dxc4 7.Bxc4 e5 8.a3 Ba5 9.
b4 exd4 10.Nxd4 Bb6 11.O-O c5 12.Ndb5 Qxd1 13.Rxd1 cxb4 14.axb4 Nc6 15.Na4 Bd8
16.Nd6 a6 17.Nc5 Be7 18.b5 Bxd6 19.Rxd6 Ne5 20.Be2 Ned7 21.Nxd7 Nxd7 22.Bb2
Nc5 23.f3 a5 24.Ba3 Nb3 25.Rb1 a4 26.Bc4 Be6 27.Rxe6 Nd2 28.Ra1 Nxc4 29.Re7 b6
30.Re4 Rfc8 31.Kf2 Nd2 32.Rb4 Rc2 33.Rb2 Rac8 34.Raa2 Ne4+ 35.Kf1 Rc1+ 36.Ke2
Nc3+ 37.Kd3 Rd8+ 38.Kc4 Nxa2+ 39.Rc2 Rc8+ 0-1

[Event "Cto de Aragon  Equipos Cat Preferente"]
[Site "Aragon"]
[Date "2010.02.06"]
[Round "3.11"]
[White "Artal Alegria Francisco Javier"]
[Black "Remiro Juste Fernando Jose"]
[Result "0-1"]
[WhiteElo "1954"]
[BlackElo "2306"]

1.e4 c5 2.Nc3 a6 3.a4 d6 4.Nf3 Nf6 5.h3 g6 6.d3 Bg7 7.Ne2 O-O 8.g4 Nc6 9.Bg2
Rb8 10.Ng3 b5 11.axb5 axb5 12.O-O b4 13.Nh2 Bb7 14.f4 Nd7 15.Nf3 Qb6 16.Kh2
Ra8 17.Rb1 Ra2 18.Nd2 Qc7 19.h4 Nb6 20.c3 Ra7 21.e5 dxe5 22.Nde4 exf4 23.Bxf4
Be5 24.Bh6 Rfa8 25.Rxf7 Kxf7 26.Qf1+ Kg8 27.Re1 bxc3 28.bxc3 Ra2 29.Ng5 Bxg3+
30.Kh3 Bf2 31.Re3 Ne5 32.Bxb7 Bxe3 33.Qh1 Bxg5 34.Bxg5 Rd8 35.d4 cxd4 36.Qd1
Qxc3+ 0-1

[Event "Cto de Aragon  Equipos Cat Preferente"]
[Site "Aragon"]
[Date "2010.02.06"]
[Round "3.12"]
[White "Delgado Salcedo Eduardo"]
[Black "Querol Soro Sergio"]
[Result "1/2-1/2"]
[WhiteElo "2227"]
[BlackElo "1950"]

1.d4 Nf6 2.c4 g6 3.Nc3 d5 4.Nf3 Bg7 5.Qb3 dxc4 6.Qxc4 O-O 7.e4 c6 8.Qb3 Qb6 9.
Bc4 Qxb3 10.Bxb3 e6 11.a4 b6 12.O-O Bb7 13.Rd1 Na6 14.Ne5 c5 15.d5 exd5 16.
exd5 Nxd5 17.Bxd5 Bxd5 18.Rxd5 Nb4 19.Bf4 Rfe8 20.Rd7 Bxe5 21.Bxe5 Rxe5 22.a5
Rae8 23.f4 R5e7 1/2-1/2

[Event "Cto de Aragon  Equipos Cat Preferente"]
[Site "Aragon"]
[Date "2010.02.06"]
[Round "3.14"]
[White "Gella Bitrian Diego"]
[Black "Garcia Ramon Ricardo"]
[Result "0-1"]
[WhiteElo "1950"]
[BlackElo "2084"]

1.e4 d6 2.d4 Nf6 3.Nc3 c6 4.f3 Nbd7 5.Be3 e5 6.Qd2 Be7 7.O-O-O O-O 8.g4 b5 9.
g5 Nh5 10.Nce2 g6 11.Ng3 Ng7 12.h4 f5 13.gxf6 Nxf6 14.Bh3 Nfh5 15.Nxh5 Nxh5
16.Bh6 Re8 17.Bg4 Bxg4 18.fxg4 Ng3 19.Rh3 Nxe4 20.Qh2 exd4 21.Nf3 c5 22.h5 g5
23.Qe2 Bf6 24.Re1 Qa5 25.Qf1 Qxa2 26.Nd2 Nxd2 27.Kxd2 Qa5+ 0-1

[Event "Cto de Aragon  Equipos Cat Preferente"]
[Site "Aragon"]
[Date "2010.02.06"]
[Round "3.15"]
[White "Castillo Sanjuan Alejandro"]
[Black "Biarge Carnicer Arturo"]
[Result "1-0"]
[WhiteElo "1967"]
[BlackElo "1899"]

1.d4 Nf6 2.c4 g6 3.Nc3 Bg7 4.e4 d6 5.Nf3 Nc6 6.Be2 O-O 7.O-O e5 8.d5 Ne7 9.Bg5
Ne8 10.Nd2 f5 11.f3 f4 12.b4 h6 13.Bh4 g5 14.Bf2 h5 15.c5 Rf6 16.Nc4 Rg6 17.g4
hxg4 18.fxg4 Rh6 19.Kg2 Ng6 20.Bf3 Nh4+ 21.Bxh4 Rxh4 22.h3 Nf6 23.Rh1 Bf8 24.
Rc1 Bd7 25.b5 Be8 26.a4 Qe7 27.cxd6 cxd6 28.Na2 Rc8 29.Na5 Rc7 30.Rxc7 Qxc7
31.Qd2 Nd7 32.Nb3 b6 33.Rc1 Nc5 34.Qc3 Qh7 35.Rh1 Nxe4 36.Qc8 Bf7 37.Nb4 Nc5
38.Nd2 Bg6 39.Qd8 Qe7 40.Qxe7 Bxe7 41.Nc6 Bf8 42.Re1 Rh7 43.Bd1 Nd3 44.Re2 Nc5
45.Kh2 Rf7 46.Nf3 Bh6 47.Nd8 Rf6 48.h4 gxh4 49.g5 Rf8 50.Nc6 Be4 51.Nd2 Bf3
52.Nxf3 Bg7 53.Nxh4 e4 54.Ne7+ Kh7 55.g6+ Kh8 56.Kg1 f3 57.Rh2 Bd4+ 58.Kf1 Be5
59.Rh3 Kg7 60.Nhf5+ Rxf5 61.Rh7+ 1-0

[Event "Cto de Aragon  Equipos Cat Preferente"]
[Site "Aragon"]
[Date "2010.02.06"]
[Round "3.17"]
[White "Guzman Moneo Alberto"]
[Black "Veras Sanz Martin Marino"]
[Result "1-0"]
[WhiteElo "2215"]
[BlackElo "2080"]

1.Nf3 d6 2.d4 g6 3.e4 Bg7 4.Bc4 Nf6 5.Qe2 O-O 6.O-O c6 7.e5 dxe5 8.dxe5 Nd5 9.
h3 Qc7 10.Bb3 a5 11.c4 a4 12.Bd1 Nb4 13.a3 N4a6 14.Nc3 Nc5 15.Bc2 Be6 16.Re1
Nbd7 17.Be3 Ra5 18.Bd4 Nb6 19.Nd2 Rd8 20.Qe3 Ncd7 21.c5 Nxc5 22.Bxc5 Rxc5 23.
Qxc5 Rxd2 24.Bxa4 Nxa4 25.Nxa4 Rd5 26.Qb6 Bxe5 27.Qxc7 Bxc7 28.Nc3 Rg5 29.Ne4
Rb5 30.b4 Be5 31.Rad1 Bb2 32.Re3 Bd5 33.Nc3 Bxc3 34.Rxc3 Rb6 35.f4 Ra6 36.Kf2
b5 37.g4 Kg7 38.Ke3 h6 39.h4 Kf6 40.Kd4 g5 41.fxg5+ hxg5 42.Rf1+ Kg7 43.hxg5
Ra8 44.Kc5 Be6 45.Rf4 Rd8 46.Kb6 Rb8+ 47.Kc7 Rc8+ 48.Kb7 Rh8 49.Rd4 Bd5 50.a4
bxa4 51.b5 Rd8 52.Kc7 Rd6 53.b6 a3 54.Rxa3 c5 55.Rxd5 Rxd5 56.b7 1-0

[Event "Cto de Aragon  Equipos Cat Preferente"]
[Site "Aragon"]
[Date "2010.02.06"]
[Round "3.18"]
[White "Bailo Remacha Santiago"]
[Black "Navarro Alonso Jorge Luis"]
[Result "0-1"]
[WhiteElo "1991"]
[BlackElo "2204"]

1.c4 e5 2.b3 Nc6 3.Bb2 f5 4.g3 Nf6 5.Bg2 Bc5 6.e3 d6 7.a3 O-O 8.d4 exd4 9.exd4
Bb6 10.Ne2 f4 11.Nxf4 Re8+ 12.Kf1 Bg4 13.f3 Bf5 14.b4 Qe7 15.g4 Qe3 16.gxf5
Qxf4 17.c5 dxc5 18.dxc5 Qc4+ 19.Kg1 Bxc5+ 20.bxc5 Qxc5+ 21.Kf1 Qb5+ 22.Kg1
Qxb2 23.Nd2 Qd4+ 24.Kf1 Nd5 25.Qb3 Qxd2 26.f4 Qxf4+ 27.Bf3 Kh8 28.Qxd5 Rad8
0-1

[Event "Cto de Aragon  Equipos Cat Preferente"]
[Site "Aragon"]
[Date "2010.02.06"]
[Round "3.19"]
[White "Cerrajeria Ruiz Jesus Maria"]
[Black "Galve Guinea Alejandro"]
[Result "0-1"]
[WhiteElo "2100"]
[BlackElo "1977"]

1.g3 Nf6 2.Bg2 g6 3.d4 Bg7 4.e4 d6 5.Bg5 O-O 6.Qd2 Nbd7 7.Nc3 c6 8.Nge2 e5 9.
O-O-O Qa5 10.Kb1 Re8 11.dxe5 dxe5 12.Nc1 Nf8 13.Nb3 Qc7 14.f3 Ne6 15.Be3 Nd7
16.h4 Nb6 17.Qe2 Rd8 18.Rxd8+ Qxd8 19.Rd1 Qe7 20.Qd3 Nd7 21.Bh3 Nf6 22.Na4 b6
23.Nc3 Bd7 24.a3 Nf4 25.gxf4 Bxh3 26.fxe5 Qxe5 27.Bg5 Qe7 28.Qd6 Qxd6 29.Rxd6
Nd7 30.Ne2 Ne5 31.f4 Nc4 32.Rxc6 Nxb2 33.f5 gxf5 34.exf5 Bxf5 35.Ned4 Be4 36.
Rc7 Nd1 37.Kc1 Nf2 38.Nb5 a6 39.Nd6 Bg6 40.Nd2 Ng4 41.N2e4 h6 42.Bf4 Ne5 43.c4
Nd3+ 44.Kd2 Nxf4 45.Ke3 Ne6 46.Rc8+ Rxc8 47.Nxc8 Kf8 48.Ned6 Bd4+ 49.Kf3 h5
50.Ne4 Bxe4+ 51.Kxe4 Bc5 52.Kd5 b5 0-1

[Event "Cto de Aragon  Equipos Cat Preferente"]
[Site "Aragon"]
[Date "2010.02.06"]
[Round "3.20"]
[White "Requena Munguira Jorge"]
[Black "Montes Santos Lorenzo"]
[Result "0-1"]
[WhiteElo "1900"]
[BlackElo "2069"]

1.d4 Nf6 2.c4 c5 3.d5 b5 4.cxb5 d6 5.Nc3 g6 6.e4 Bg7 7.Bc4 O-O 8.f4 a6 9.b6
Qxb6 10.Qb3 Qc7 11.Nf3 Nbd7 12.O-O Nb6 13.Be2 e6 14.dxe6 Bxe6 15.Qc2 c4 16.Kh1
d5 17.f5 gxf5 18.exf5 Bd7 19.Bg5 Qc5 20.Ne5 Rae8 21.Nxd7 Nbxd7 22.Rad1 Nb6 23.
Bf3 Re5 24.Bf4 Re7 25.Na4 Nxa4 26.Qxa4 a5 27.Bg5 d4 28.Qc6 Qxc6 29.Bxc6 Rc7
30.Bb5 c3 31.bxc3 dxc3 32.Rd3 c2 33.Bc1 Rfc8 34.h3 Ne4 35.Re3 Nc3 36.f6 Nxb5
37.Rg3 Rd7 38.Rxg7+ Kh8 39.Rg5 Nd4 40.Re5 Nc6 41.Rc5 Na7 42.Rxc8+ Nxc8 43.Kh2
Rd1 44.Kg1 Nd6 45.Kf2 Ne4+ 46.Kg1 Ng3 0-1

[Event "Cto de Aragon  Equipos Cat Preferente"]
[Site "Aragon"]
[Date "2010.02.06"]
[Round "3.21"]
[White "Villuendas Valero Adrian"]
[Black "Chueca Forcen Alberto"]
[Result "1-0"]
[WhiteElo "2184"]
[BlackElo "2276"]

1.d4 Nf6 2.Bg5 Ne4 3.Bf4 e6 4.Nd2 Nxd2 5.Qxd2 b6 6.e4 Bb7 7.Bd3 Be7 8.Nf3 d6
9.O-O-O Nd7 10.Qe2 a6 11.Kb1 c5 12.d5 e5 13.Bc1 b5 14.c4 O-O 15.cxb5 axb5 16.
Bxb5 Nf6 17.Nd2 Qa5 18.a4 Ba6 19.Bxa6 Rxa6 20.Qb5 Qxa4 21.Qxa4 Rxa4 22.f3 Nd7
23.b3 Rb8 24.Kc2 Ra7 25.Bb2 Rab7 26.Bc3 Bg5 27.Nc4 Rxb3 28.Nxd6 Be3 29.Rb1
Rxb1 30.Rxb1 Rxb1 31.Kxb1 Bg1 32.h3 Bd4 33.Kc2 Kf8 34.Kd3 Ke7 35.Nc4 h5 36.Bd2
Kf6 37.f4 h4 38.f5 g6 39.fxg6 fxg6 40.Ne3 g5 41.Ng4+ Kg6 42.Ba5 Bg1 43.Bd8 Bd4
44.Kc4 Bg1 45.Kb5 Bd4 46.Be7 Bb2 47.Bxc5 Kf7 48.Be3 Kg6 49.Kc6 Nf8 50.Bc5 Kf7
51.Bxf8 Kxf8 52.Kd6 Kg7 53.Nxe5 g4 54.Nxg4 Kg6 55.e5 Kf5 56.e6 Ba3+ 57.Kd7 Ke4
58.d6 1-0

[Event "Cto de Aragon  Equipos Cat Preferente"]
[Site "Aragon"]
[Date "2010.02.06"]
[Round "3.22"]
[White "Palacios Latasa Elias"]
[Black "Cantin Zaborras Valentin"]
[Result "1/2-1/2"]
[WhiteElo "2205"]
[BlackElo "2117"]

1.e4 d5 2.exd5 Nf6 3.Nc3 Nxd5 4.Bc4 Nb6 5.Bb3 Nc6 6.a4 a5 7.Qf3 e6 8.Nge2 Be7
9.O-O O-O 10.d4 Bd7 11.Qg3 Bd6 12.f4 Ne7 13.Ne4 Nf5 14.Qd3 Bc6 15.N2g3 Nxg3
16.hxg3 Be7 17.c3 Qd7 18.Bc2 g6 19.b3 Nd5 20.Bb2 b6 21.Rad1 Rad8 22.c4 Nb4 23.
Qc3 Na2 24.Qe3 Bxe4 25.Bxe4 Bf6 26.Qe2 Nb4 27.Bc3 Qe7 28.Rfe1 Rd7 29.Qb2 Rfd8
30.Kh2 Qf8 31.Rd2 Qg7 32.Red1 c5 33.Bxb4 cxb4 34.Qc2 Rxd4 35.Rxd4 Bxd4 36.g4
Qf6 37.g3 Bc5 38.Rxd8+ Qxd8 39.Qd3 Qxd3 40.Bxd3 f5 41.gxf5 exf5 42.Kg2 Kf7 43.
Kf3 Kf6 44.g4 fxg4+ 45.Kxg4 h5+ 46.Kf3 Bd6 47.Bf1 g5 48.fxg5+ Kxg5 49.Bh3 h4
50.Ke4 Bc5 51.Bc8 Kf6 52.Bh3 Kg5 1/2-1/2

[Event "Cto de Aragon  Equipos Cat Preferente"]
[Site "Aragon"]
[Date "2010.02.06"]
[Round "3.23"]
[White "Valiente Roy Jose Javier"]
[Black "Hernando Garcia Antonio"]
[Result "1/2-1/2"]
[WhiteElo "2060"]
[BlackElo "2203"]

1.Nf3 d5 2.c4 c6 3.g3 Nf6 4.Bg2 Bf5 5.cxd5 cxd5 6.Qb3 Qb6 7.Qxb6 axb6 8.Nc3
Bd7 9.d3 e6 10.O-O Bc5 11.d4 Be7 12.Ne5 Bc6 13.Be3 Nbd7 14.Nd3 b5 15.a3 O-O
16.f4 Ng4 17.Bd2 f5 18.h3 Ngf6 19.Rfc1 Ne4 20.Be1 Rfc8 21.Kh2 Nb6 22.Na2 Nc4
23.Bb4 Bf6 24.b3 Ncd2 25.Bxe4 Nxe4 26.e3 b6 27.Rc2 Bd7 28.Rac1 Rxc2+ 29.Rxc2
Rc8 30.Rxc8+ Bxc8 31.Kg2 Kf7 32.Nf2 1/2-1/2

[Event "Cto de Aragon  Equipos Cat Preferente"]
[Site "Aragon"]
[Date "2010.02.06"]
[Round "3.24"]
[White "Sarto Ramos Angel"]
[Black "Pueyo Marina Gerardo"]
[Result "0-1"]
[WhiteElo "1962"]
[BlackElo "1867"]

1.d4 f5 2.h3 Nf6 3.g4 e6 4.Nc3 Bb4 5.Bd2 Bxc3 6.Bxc3 Ne4 7.Nf3 O-O 8.Nd2 Qh4
9.Rh2 Nxf2 10.Rxf2 fxg4 11.Nf3 gxf3 12.exf3 b6 13.Qe2 Ba6 14.Qe4 Qxe4+ 15.fxe4
Bxf1 16.Kxf1 d6 17.Rxf8+ Kxf8 18.Ke2 Nd7 19.a4 a5 20.Bd2 h6 21.c4 e5 22.Bc3
Re8 23.d5 Nf6 24.Ke3 g5 25.b4 axb4 26.Bxb4 Ke7 27.a5 bxa5 28.Rxa5 Rb8 29.Ra4
Nd7 30.Kd3 Nc5+ 31.Bxc5 dxc5 32.Kc3 Rf8 33.Ra6 Rf6 34.Ra5 Rf3+ 35.Kd2 Rxh3 36.
Rxc5 Kd7 37.Rc6 h5 38.Rg6 Rg3 39.c5 h4 40.c6+ Ke7 41.Re6+ Kd8 42.Ke2 h3 43.Rh6
g4 44.Rh8+ Ke7 45.Rh7+ Kd6 46.Rd7+ Kc5 47.Rxc7 h2 48.Rh7 Rh3 49.Rxh3 gxh3 50.
c7 h1=Q 51.c8=Q+ Kd4 52.d6 Qg2+ 0-1

[Event "Cto de Aragon  Equipos Cat Preferente"]
[Site "Aragon"]
[Date "2010.02.06"]
[Round "3.25"]
[White "Burillo Rodriguez Carlos"]
[Black "Soriano Ascaso Ignacio"]
[Result "1-0"]
[WhiteElo "2120"]
[BlackElo "2160"]

1.d4 d5 2.Nf3 Nc6 3.Bf4 f6 4.e3 Bg4 5.Bb5 e6 6.Bxc6+ bxc6 7.c4 Bb4+ 8.Nc3 Ne7
9.c5 O-O 10.Qa4 a5 11.O-O Bxc3 12.bxc3 Bxf3 13.gxf3 g5 14.Bg3 h5 15.h3 Qd7 16.
Rab1 Nf5 17.Rb7 e5 18.Kg2 e4 19.fxe4 dxe4 20.d5 Qxd5 21.Rxc7 h4 22.Rd1 Nxe3+
23.fxe3 Qf5 24.Qc4+ Kh8 25.Rf1 Qg6 26.Bd6 g4 27.Qe6 gxh3+ 28.Kxh3 Qg5 29.Bf4
Qg6 30.Qg4 Qxg4+ 31.Kxg4 Rg8+ 32.Kf5 Rad8 33.Rh1 Rd5+ 34.Kxe4 Rh5 35.Rxc6 h3
36.Rxf6 Rg2 37.Rh6+ Rxh6 38.Bxh6 Rxa2 39.c6 Rg2 40.c7 Rg8 41.Rxh3 Ra8 42.Bf8+
Kg8 43.Bd6 Kf7 44.Rf3+ Ke6 45.Rf8 1-0

[Event "Cto de Aragon  Equipos Cat Preferente"]
[Site "Aragon"]
[Date "2010.02.06"]
[Round "3.26"]
[White "Guetas Sanchez Hugo"]
[Black "Hernandez Delgado Gabriel"]
[Result "1-0"]
[WhiteElo "2159"]
[BlackElo "2004"]

1.e4 d5 2.exd5 Qxd5 3.Nc3 Qd6 4.d4 Nf6 5.Bg5 a6 6.Bd3 Nc6 7.Nge2 Bg4 8.f3 Bh5
9.g4 Bg6 10.Bxg6 hxg6 11.Bf4 e5 12.dxe5 Nxe5 13.Bxe5 Qxe5 14.Qd4 Bd6 15.Qxe5+
Bxe5 16.h3 O-O-O 17.Rd1 Rxd1+ 18.Nxd1 g5 19.Kf2 Nd5 20.c3 Nf4 21.Nxf4 Bxf4 22.
Ne3 Rd8 23.Re1 g6 24.Nf1 Rd6 25.Re2 Kd7 26.Ng3 Kc6 27.Ne4 Re6 28.Kf1 f5 29.
gxf5 gxf5 30.Ng3 Rxe2 31.Nxe2 Be5 32.f4 Bf6 33.fxg5 Bxg5 34.Nd4+ Kd5 35.Nxf5
Bc1 36.b3 b5 37.Ke2 Ke4 38.Ng3+ Kf4 39.Nh5+ Kg5 40.Ng3 Kf4 41.Nh5+ Kg5 42.Ng7
c6 43.b4 Kg6 44.Ne6 Ba3 45.Kd3 Kf6 46.Nc5 a5 47.Ne4+ 1-0